<?xml version="1.0" encoding="UTF-8"?>
<marc:record xmlns:marc="http://www.loc.gov/MARC21/slim">
   <marc:leader>00000nam a2200000 a 4500</marc:leader>
   <marc:datafield ind1="1" ind2=" " tag="100">
      <marc:subfield code="a">Engel, Henrike</marc:subfield>
      <marc:subfield code="4">aut</marc:subfield>
      <marc:subfield code="e">Verfasser/-in</marc:subfield>
   </marc:datafield>
   <marc:datafield ind1="0" ind2="0" tag="245">
      <marc:subfield code="a">Schatten über St. Pauli</marc:subfield>
   </marc:datafield>
   <marc:datafield ind1=" " ind2="1" tag="264">
      <marc:subfield code="b">Ullstein </marc:subfield>
      <marc:subfield code="c">2025</marc:subfield>
   </marc:datafield>
   <marc:datafield ind1="1" ind2=" " tag="490">
      <marc:subfield code="a">Elbnächte</marc:subfield>
   </marc:datafield>
   <marc:datafield ind1="1" ind2=" " tag="520">
      <marc:subfield code="a">Hamburg, 1913: Louise hat sich mit ihrer kleinen Bar auf St. Pauli ein Stück Freiheit erkämpft. Doch ihr Glück ist bedroht, als ihr krimineller Ehemann aus dem Gefängnis ausbricht. Zeitgleich verschwindet ein junges Mädchen spurlos. Louises Freundin Ella und der Ex-Polizist Paul nehmen die Suche auf, nicht ahnend, dass sie sich damit in tödliche Gefahr begeben...</marc:subfield>
   </marc:datafield>
   <marc:datafield ind1=" " ind2=" " tag="020">
      <marc:subfield code="a">9783864932649</marc:subfield>
      <marc:subfield code="9">9783864932649</marc:subfield>
   </marc:datafield>
</marc:record>
